[Event "25. Copenhagen Open  (Politiken Cup)"]
[Site "Copenhagen"]
[Date "2003.07.25"]
[Round "11"]
[White "Tallaksen, Geir Sune"]
[Black "Michelakis, George"]
[Result "0-1"]
[WhiteElo "2285"]
[BlackElo "2405"]
[PlyCount "52"]
[EventDate "2003.07.14"]
[EventType "swiss"]
[EventRounds "11"]
[EventCountry "DEN"]
[SourceDate "2004.01.01"]

1. d4 Nf6 2. c4 c5 3. d5 b5 4. cxb5 a6 5. b6 e6 6. Nc3 Nxd5 7. Nxd5 exd5 8.
Qxd5 Nc6 9. Nf3 Rb8 10. Bd2 Be7 11. Bc3 O-O 12. e4 Rxb6 13. Bc4 Nb4 14. Qd2 Bb7
15. O-O-O Bxe4 16. Qxd7 Bg5+ 17. Nxg5 Qxg5+ 18. Qd2 Qh4 19. Qe2 Bg6 20. Qe5 Rf6
21. Qxc5 Rxf2 22. Bd2 Qe4 23. Qxf8+ Kxf8 24. Bxb4+ Ke8 25. Rhe1 Rc2+ 26. Kb1
Rxc4+ 0-1

[Event "25. Copenhagen Open  (Politiken Cup)"]
[Site "Copenhagen"]
[Date "2003.07.25"]
[Round "11"]
[White "Tandrup, Michael"]
[Black "Klitgaard, Thomas"]
[Result "1/2-1/2"]
[WhiteElo "1984"]
[BlackElo "2098"]
[PlyCount "23"]
[EventDate "2003.07.14"]
[EventType "swiss"]
[EventRounds "11"]
[EventCountry "DEN"]
[SourceDate "2004.01.01"]

1. d4 d5 2. Nf3 Nf6 3. c4 e6 4. Nc3 Nbd7 5. e3 c5 6. cxd5 exd5 7. dxc5 Nxc5 8.
Be2 Be7 9. O-O a6 10. a3 O-O 11. b4 Nce4 12. Bb2 1/2-1/2

[Event "25. Copenhagen Open  (Politiken Cup)"]
[Site "Copenhagen"]
[Date "2003.07.25"]
[Round "11"]
[White "Thestrup, Sixten"]
[Black "Nielsen, Jens Holm"]
[Result "0-1"]
[WhiteElo "1704"]
[BlackElo "2102"]
[PlyCount "28"]
[EventDate "2003.07.14"]
[EventType "swiss"]
[EventRounds "11"]
[EventCountry "DEN"]
[SourceDate "2004.01.01"]

1. e4 Nc6 2. Nf3 f5 3. exf5 d5 4. Nh4 e5 5. Qh5+ g6 6. fxg6 Nf6 7. g7+ Nxh5 8.
gxh8=Q Qxh4 9. Qxh7 Nd4 10. g3 Qg4 11. h3 Qf3 12. Qg6+ Kd8 13. Qd3 Qxh1 14. Nc3
Bf5 0-1

[Event "25. Copenhagen Open  (Politiken Cup)"]
[Site "Copenhagen"]
[Date "2003.07.25"]
[Round "11"]
[White "Udmark, Jonas"]
[Black "Rasmussen, Jens"]
[Result "1-0"]
[WhiteElo "1964"]
[BlackElo "1638"]
[PlyCount "67"]
[EventDate "2003.07.14"]
[EventType "swiss"]
[EventRounds "11"]
[EventCountry "DEN"]
[SourceDate "2004.01.01"]

1. d4 d5 2. c4 e6 3. Nc3 c6 4. Nf3 dxc4 5. a4 Bb4 6. Bf4 Nf6 7. Qc2 Qa5 8. g3
Ne4 9. Bd2 Nxc3 10. Bxc3 Bxc3+ 11. bxc3 b5 12. Bg2 Bb7 13. O-O Qc7 14. e4 Nd7
15. e5 a6 16. Ng5 Nb6 17. f4 Nd5 18. f5 Ne3 19. Qe4 Nxf1 20. Rxf1 h6 21. fxe6
hxg5 22. Rxf7 Qxf7 23. exf7+ Kxf7 24. Qf5+ Kg8 25. Qe6+ Kf8 26. Qd7 Rh6 27.
Qxb7 Re8 28. axb5 cxb5 29. Bd5 Re7 30. Qc8+ Re8 31. Qf5+ Ke7 32. Qf7+ Kd8 33.
e6 Re7 34. Qf8+ 1-0

[Event "25. Copenhagen Open  (Politiken Cup)"]
[Site "Copenhagen"]
[Date "2003.07.25"]
[Round "11"]
[White "Unmack, Christian"]
[Black "Bjornes, Leif"]
[Result "1-0"]
[WhiteElo "2085"]
[BlackElo "1652"]
[PlyCount "59"]
[EventDate "2003.07.14"]
[EventType "swiss"]
[EventRounds "11"]
[EventCountry "DEN"]
[SourceDate "2004.01.01"]

1. d4 d5 2. c4 e6 3. Nc3 Nf6 4. cxd5 exd5 5. Bg5 c6 6. e3 Be7 7. Qc2 Nbd7 8.
Bd3 Nf8 9. Nge2 Ne6 10. Bh4 g6 11. O-O Nh5 12. Bxe7 Qxe7 13. f3 Qg5 14. f4 Qg4
15. f5 Ng5 16. Rae1 O-O 17. Ng3 Nxg3 18. Rf4 Qh5 19. hxg3 gxf5 20. Rh4 Qg6 21.
g4 Ne4 22. gxf5 Bxf5 23. Rf1 Qg3 24. Bxe4 Qxe3+ 25. Kh2 Bxe4 26. Nxe4 dxe4 27.
Rf3 Qxd4 28. Rg3+ Kh8 29. Qe2 Qe5 30. Qg4 1-0

[Event "25. Copenhagen Open  (Politiken Cup)"]
[Site "Copenhagen"]
[Date "2003.07.25"]
[Round "11"]
[White "Vovk, Oksana"]
[Black "Schjelderup, Nils-Jakob"]
[Result "1-0"]
[WhiteElo "2107"]
[BlackElo "1587"]
[PlyCount "51"]
[EventDate "2003.07.14"]
[EventType "swiss"]
[EventRounds "11"]
[EventCountry "DEN"]
[SourceDate "2004.01.01"]

1. d4 Nf6 2. c4 g6 3. Nc3 Bg7 4. Bg5 O-O 5. Nf3 d6 6. e3 Nbd7 7. Qc2 c6 8. Rd1
Qe8 9. Be2 e5 10. O-O h6 11. Bh4 g5 12. Bg3 Nh5 13. dxe5 Nxg3 14. hxg3 dxe5 15.
Ne4 c5 16. Bd3 Qe7 17. Nd6 Nf6 18. Bf5 Bxf5 19. Nxf5 Qc7 20. Rd6 Rfd8 21. Nxh6+
Bxh6 22. Rxf6 Bg7 23. Nxg5 Bxf6 24. Qh7+ Kf8 25. Ne6+ fxe6 26. Qxc7 1-0

[Event "25. Copenhagen Open  (Politiken Cup)"]
[Site "Copenhagen"]
[Date "2003.07.25"]
[Round "11"]
[White "Werner, Gert"]
[Black "Knudsen, Jes West"]
[Result "1-0"]
[WhiteElo "2140"]
[BlackElo "2015"]
[PlyCount "70"]
[EventDate "2003.07.14"]
[EventType "swiss"]
[EventRounds "11"]
[EventCountry "DEN"]
[SourceDate "2004.01.01"]

1. g3 f5 2. Bg2 e5 3. d4 e4 4. c4 Nf6 5. Bg5 h6 6. Bxf6 Qxf6 7. e3 Bb4+ 8. Nc3
Bxc3+ 9. bxc3 Nc6 10. h4 d6 11. h5 Qf7 12. Qb3 b6 13. Qb5 Bd7 14. Qd5 Qxd5 15.
cxd5 Ne7 16. c4 b5 17. Bf1 O-O 18. Nh3 b4 19. Nf4 a5 20. c5 Rfb8 21. Kd2 a4 22.
Bc4 Bb5 23. Rhc1 Ra7 24. Rab1 Bxc4 25. Rxc4 Rab7 26. Kc2 Kf7 27. a3 bxa3 28.
Rxb7 Rxb7 29. Rxa4 Rb2+ 30. Kc3 Rxf2 31. Rxa3 Rf3 32. Kd2 Rf2+ 33. Kc1 Rf3 34.
Kd2 Rf2+ 35. Ke1 dxc5 1-0

[Event "25. Copenhagen Open  (Politiken Cup)"]
[Site "Copenhagen"]
[Date "2003.07.25"]
[Round "11"]
[White "Wilsbeck, Jan Borge"]
[Black "Kokholm, Daniel"]
[Result "1/2-1/2"]
[WhiteElo "1975"]
[BlackElo "2115"]
[PlyCount "61"]
[EventDate "2003.07.14"]
[EventType "swiss"]
[EventRounds "11"]
[EventCountry "DEN"]
[SourceDate "2004.01.01"]

1. e4 Nc6 2. d4 e5 3. d5 Nce7 4. d6 cxd6 5. Qxd6 Ng6 6. Qd3 Nf6 7. c4 Qb6 8. f3
Bb4+ 9. Nc3 O-O 10. Be3 Qa5 11. Nge2 b5 12. cxb5 d5 13. exd5 Ne7 14. Kf2 Bf5
15. Qc4 Rac8 16. Qb3 Rfd8 17. Rd1 Bc5 18. Bxc5 Rxc5 19. g4 Bc8 20. d6 Ned5 21.
g5 Nxc3 22. Nxc3 Be6 23. Qa4 Qb6 24. Kg2 Nh5 25. Ne4 Nf4+ 26. Kg3 Rd5 27. Qc2
Qe3 28. Rxd5 Nh5+ 29. Kg2 Nf4+ 30. Kg3 Nh5+ 31. Kg2 1/2-1/2